Vida paulina 1994 (Record n. 98561)
[ formato base ]
| 000 -LEADER | |
|---|---|
| fixed length control field | 00713nam a22001817a 4500 |
| 003 - CONTROL NUMBER IDENTIFIER | |
| control field | IT-RoPau |
| 005 - DATE AND TIME OF LATEST TRANSACTION | |
| control field | 20220918181106.0 |
| 008 - FIXED-LENGTH DATA ELEMENTS--GENERAL INFORMATION | |
| fixed length control field | 130521b xxu||||| |||| 00| 0 eng d |
| 040 ## - CATALOGING SOURCE | |
| Transcribing agency | IT-RoPau |
| 100 ## - MAIN ENTRY--PERSONAL NAME | |
| Personal name | SSP Provincia Brasileira |
| 9 (RLIN) | 572 |
| 245 ## - TITLE STATEMENT | |
| Title | Vida paulina 1994 |
| Remainder of title | Boletim informativo da Província do Brasil |
| 250 ## - EDITION STATEMENT | |
| Edition statement | 1° ed |
| 260 ## - PUBLICATION, DISTRIBUTION, ETC. (IMPRINT) | |
| Place of publication, distribution, etc. | São Paulo |
| Name of publisher, distributor, etc. | SSP |
| Date of publication, distribution, etc. | 1994 |
| 300 ## - PHYSICAL DESCRIPTION | |
| Dimensions | 21,5 cm |
| 490 ## - SERIES STATEMENT | |
| Series statement | Vida paulina |
| 520 ## - SUMMARY, ETC. | |
| Summary, etc. | Indice<br/><br/>São Paulo – Março de 1994 – n° 13<br/>São Paulo – Abril de 1994 – n° 14<br/>São Paulo – Maio de 1994 – n° 15<br/>São Paulo – Junho de 1994 – n° 16<br/>São Paulo – Julho de 1994 – n° 17<br/>São Paulo – Agosto de 1994 – n° 18<br/> |
| 942 ## - ADDED ENTRY ELEMENTS (KOHA) | |
| Source of classification or shelving scheme | Dewey Decimal Classification |
| Koha item type | RIVISTA |
| Withdrawn status | Lost status | Source of classification or shelving scheme | Damaged status | Not for loan | Home library | Current library | Date acquired | Total Checkouts | Full call number | Date last seen | Price effective from | Koha item type |
|---|---|---|---|---|---|---|---|---|---|---|---|---|
| Dewey Decimal Classification | Buone Condizioni | Not For Loan | PAULUS-BIBLIOTECA | PAULUS-BIBLIOTECA | 21/05/2013 | P C8 | 21/05/2013 | 21/05/2013 | RIVISTA | |||
| Dewey Decimal Classification | Buone Condizioni | Not For Loan | PAULUS-BIBLIOTECA | PAULUS-BIBLIOTECA | 21/05/2013 | P C8 | 21/05/2013 | 21/05/2013 | RIVISTA | |||
| Dewey Decimal Classification | Buone Condizioni | Not For Loan | PAULUS-BIBLIOTECA | PAULUS-BIBLIOTECA | 21/05/2013 | P C8 | 21/05/2013 | 21/05/2013 | RIVISTA | |||
| Dewey Decimal Classification | Buone Condizioni | Not For Loan | PAULUS-BIBLIOTECA | PAULUS-BIBLIOTECA | 21/05/2013 | P C8 | 21/05/2013 | 21/05/2013 | RIVISTA | |||
| Dewey Decimal Classification | Buone Condizioni | Not For Loan | PAULUS-BIBLIOTECA | PAULUS-BIBLIOTECA | 21/05/2013 | P C8 | 21/05/2013 | 21/05/2013 | RIVISTA | |||
| Dewey Decimal Classification | Buone Condizioni | Not For Loan | PAULUS-BIBLIOTECA | PAULUS-BIBLIOTECA | 21/05/2013 | P C8 | 21/05/2013 | 21/05/2013 | RIVISTA |